Telly Savalas Filmography - Statistics

General Stats
  • This quiz has been taken 9 times
  • The average score is 14 of 140
Answer Stats
Type Year Name % Correct
TV Show 1973-1978 Kojak
100%
Film 1967 The Dirty Dozen
80%
TV Show 1979 Alice
40%
Film 1962 Birdman of Alcatraz
40%
Film 1979 Escape to Athena
40%
Film 1970 Kelly's Heroes
40%
TV Film 1990 Kojak: None So Blind
40%
TV Film 1985 Kojak: The Belarus File
40%
TV Film 1973 The Marcus-Nelson Murders
40%
Film 1979 The Muppet Movie
40%
TV Film 1985 Alice in Wonderland
20%
Film 1972 A Reason to Live, a Reason to Die
20%
Film 1971 A Town Called Bastard
20%
Film 1965 Battle of the Bulge
20%
Film 1985 Beyond Reason
20%
Film 1979 Beyond the Poseidon Adventure
20%
Film 1979 Border Cop
20%
Film 1962 Cape Fear
20%
Film 1971 Clay Pigeon
20%
Film 1972 Crime Boss
20%
Film 1988 Faceless
20%
Film 1982 Fake-Out
20%
Film 1986 GoBots: Battle of the Rock Lords
20%
TV Film 1981 Hellinger's Law
20%
Film 1972 Horror Express
20%
Film 1975 Inside Out
20%
Film 1976 Killer Force
20%
TV Film 1989 Kojak: Ariana
20%
TV Film 1989 Kojak: Fatal Flaw
20%
TV Film 1990 Kojak: Flowers for Matty
20%
TV Film 1990 Kojak: It's Always Something
20%
TV Film 1987 Kojak: The Price of Justice
20%
Film 1970 Land Raiders
20%
Film 1974 Lisa and the Devil
20%
Film 1969 Mackenna's Gold
20%
Film 1993 Mind Twister
20%
TV Film 1971 Mongo's Back in Town
20%
Film 1969 On Her Majesty's Secret Service
20%
Film 1972 Pancho Villa
20%
Film 1971 Pretty Maids All in a Row
20%
Film 1973 Redneck
20%
TV Film 1973 She Cried Murder
20%
Film 1972 Sonny and Jed
20%
Film 1969 Sophie's Gold
20%
Film 1969 The Assassination Bureau
20%
TV Film 1987 The Dirty Dozen: The Deadly Mission
20%
TV Film 1988 The Dirty Dozen: The Fatal Mission
20%
TV Film 1989 The Hollywood Detective
20%
TV Show 1985 The Love Boat
20%
Film 1968 The Scalphunters
20%
Film 1965 The Slender Thread
20%
TV Show 1963 The Twilight Zone
20%
Film 1970 Violent City
20%
TV Film 1972 Visions...
20%
TV Show 1963 77 Sunset Strip
0%
TV Show 1961 Acapulco
0%
Film 1983 Afghanistan Pourquoi?
0%
TV Film 1980 Alcatraz: The Whole Shocking Story
0%
TV Show 1962 Alcoa Premiere
0%
TV Show 1964 Alfred Hitchcock Presents
0%
TV Show 1982 American Playhouse
0%
TV Show 1975 Am Laufenden Band
0%
TV Show 1959-1960 Armstrong Circle Theatre
0%
TV Show 1964 Arrest and Trial
0%
TV Special 1978 A Salute to the American Imagination
0%
Film 1995 Backfire!
0%
Film 1966 Beau Geste
0%
TV Show 1961 Ben Casey
0%
TV Show 1963 Big G
0%
TV Show 1967 Bob Hope Presents the Chrysler Theatre
0%
TV Show 1965 Bonanza
0%
TV Show 1964 Breaking Point
0%
Film 1968 Buona Sera, Mrs. Campbell
0%
TV Show 1963, 1964, 1965 Burke's Law
0%
TV Show 1961, 1962 Cain's Hundred
0%
Film 1984 Cannonball Run II
0%
Film 1978 Capricorn One
0%
Documentary Mini-Series 1977 CBS: On the Air
0%
TV Show 1964 Channing
0%
TV Show 1967 Cimarron Strip
0%
TV Show 1964, 1967 Combat!
0%
TV Show 1960 Diagnosis: Unknown
0%
TV Show 1991, 1993 Ein Schloß am Wörthersee
0%
TV Film 1964 Fanfare for a Death Scene
0%
TV Show 1967 Garrison's Gorillas
0%
Film 1965 Genghis Khan
0%
TV Show 1985 George Burns Comedy Week
0%
TV Show 1963 Grindl
0%
TV Show 1971 ITV Sunday Night Theatre
0%
TV Show 1987 J.J. Starbuck
0%
Film 1965 John Goldfarb, Please Come Home!
0%
Film 1963 Johnny Cool
0%
TV Show 1961 King of Diamonds
0%
TV Show 1964 Kraft Suspense Theatre
0%
Film 1963 Love Is a Ball
0%
Film 1961 Mad Dog Coll
0%
Film 1981 Maria Tomba Homem
0%
TV Show 1959 NBC Sunday Showcase
0%
TV Special 1987 Return to the Titanic: Live!
0%
TV Film 1991 Rose Against the Odds
0%
TV Show 1965 Run for Your Life
0%
Film 1968 Sol Madrid
0%
TV Film 1985 Solomon's Universe
0%
TV Show 1981 Tales of the Unexpected
0%
Short Documentary 1981 Telly Savalas Looks at Aberdeen
0%
Short Documentary 1981 Telly Savalas Looks at Birmingham
0%
Short Documentary 1981 Telly Savalas Looks at Portsmouth
0%
Documentary 1990 Telly Savalas: The ABCs of Winning Blackjack
0%
TV Show 1961 The Aquanauts
0%
TV Film 1984 The Cartier Affair
0%
TV Show 1992, 1993 The Commish
0%
TV Show 1963 The Dakotas
0%
TV Show 1974 The Dean Martin Show
0%
TV Show 1961 The Detectives
0%
TV Show 1961 The Dick Powell Show
0%
TV Show 1960 The Dow Hour of Great Mysteries
0%
TV Show 1963 The Eleventh Hour
0%
TV Show 1987 The Equalizer
0%
TV Show 1993 The Extraordinary
0%
TV Show 1967 The F.B.I.
0%
TV Mini-Series 1979 The French Atlantic Affair
0%
TV Show 1964, 1965, 1966 The Fugitive
0%
Film 1965 The Greatest Story Ever Told
0%
Film 1962 The Interns
0%
Film 1972 The Killer Is on the Phone
0%
Film 1963 The Man from the Diners' Club
0%
TV Show 1967 The Man from U.N.C.L.E.
0%
TV Show 1961 The New Breed
0%
Film 1964 The New Interns
0%
TV Show 1970 The Red Skelton Show
0%
TV Show 1964 The Rogues
0%
Short Film 1961 The Sin of Jesus
0%
TV Show 1973 The Sonny and Cher Comedy Hour
0%
TV Show 1960 The United States Steel Hour
0%
TV Show 1961, 1963 The Untouchables
0%
TV Show 1966 The Virginian
0%
TV Show 1960 The Witness
0%
Film 1961 The Young Savages
0%
Documentary 1989 UFO's and Channeling
0%
TV Film 1978 Windows, Doors & Keyholes
0%
No matching quizzes found
Score Distribution
Percent of People with Each Score
Percentile by Number Answered
Your Score History
You have not taken this quiz